Lohnt sich Sekundärresearch?
Vyhodnotenie nákladov na sekundárny výskum kapitálového trhu malými finančnými inštitúciami, ktorý mapuje ich situáciu. Nízke náklady na získanie informačných a marketingových výhod pri sekundárnom prieskume. Efektívne spracovanie informácií. Výhody predstihu v poznaní. Efektívnosť finančných trhov....
Guardado en:
| Autor principal: | |
|---|---|
| Formato: | Capítulo de libro |
| Lenguaje: | alemán |
| Materias: | |
| Etiquetas: |
Sin Etiquetas, Sea el primero en etiquetar este registro!
|
MARC
| LEADER | 00000naa a2200000 4500 | ||
|---|---|---|---|
| 001 | r010341 | ||
| 005 | 20221130113433.3 | ||
| 041 | 0 | |a ger | |
| 044 | |a DE | ||
| 245 | 1 | 0 | |a Lohnt sich Sekundärresearch? |c L. Menkhoff |
| 520 | |a Vyhodnotenie nákladov na sekundárny výskum kapitálového trhu malými finančnými inštitúciami, ktorý mapuje ich situáciu. Nízke náklady na získanie informačných a marketingových výhod pri sekundárnom prieskume. Efektívne spracovanie informácií. Výhody predstihu v poznaní. Efektívnosť finančných trhov. Psychológia trhu. Možnosť neracionálnych motívov. Stratégia prieskumu trhu. | ||
| 610 | 2 | 0 | |a trh kapitálový |
| 610 | 2 | 0 | |a trh finančný |
| 610 | 2 | 0 | |a výskum trhu |
| 610 | 2 | 0 | |a marketing |
| 610 | 2 | 0 | |a spracovanie dát |
| 610 | 2 | 0 | |a efektívnosť |
| 610 | 2 | 0 | |a psychológia |
| 610 | 2 | 0 | |a prieskum trhu |
| 100 | 1 | |a Menkhoff, L. | |